| 000 | 00601nam a2200205Ia 4500 | ||
|---|---|---|---|
| 005 | 20250923145408.0 | ||
| 008 | 008 250917s9999 xx 000 0 eng d | ||
| 037 | _aTextual | ||
| 040 |
_aDSWL _beng _cDSWL |
||
| 041 |
_aeng _2eng |
||
| 084 |
_aZxM41, N62 _qDSWL |
||
| 100 |
_aHowe, M.Dewolfe _9834861 |
||
| 245 | 0 |
_aOccasional speeches of Justice Oliver Weldell Holmes _c by M.Dewolfe Howe |
|
| 260 |
_aCambridge _bThe Bleknap Press _c1962 |
||
| 300 | _axi,178p. | ||
| 365 |
_aUSD _b3 . 50 |
||
| 925 | _g3 . 50 | ||
| 942 |
_cTEXL _hZxM41, N62 |
||
| 999 |
_c1450853 _d1450853 |
||